[Event "Lewisham International 4th"]
[Site "Catford Cricket Club"]
[Date "1984.09.04"]
[Round "1"]
[White "Ady, Jonathan James"]
[Black "Wade, Robert G"]
[Result "1-0"]
[WhiteElo "2290"]
[BlackElo "2315"]
[PlyCount "41"]
[EventDate "1984.09.04"]
[EventType "swiss"]
[EventRounds "9"]
[EventCountry "ENG"]
[SourceTitle "Giddins, Steve"]

1. e4 d5 2. exd5 Qxd5 3. Nc3 Qa5 4. d4 c6 5. Nf3 Bf5 6. Bc4 e6 7. Ne5 Bd6 8.
Qe2 Bxe5 9. dxe5 Nd7 10. g4 Bg6 11. f4 Ne7 12. Bd2 Qb6 13. O-O-O O-O-O 14. f5
exf5 15. e6 fxe6 16. Bxe6 Rhe8 17. Bg5 Qc5 18. Rhe1 f4 19. Rxd7 Rxd7 20. Bxd7+
Kxd7 21. Qe6+ 1-0

[Event "Lewisham International 4th"]
[Site "Catford Cricket Club"]
[Date "1984.09.04"]
[Round "1"]
[White "Arkell, Keith C"]
[Black "Singh, PK."]
[Result "1-0"]
[WhiteElo "2345"]
[BlackElo "2260"]
[PlyCount "153"]
[EventDate "1984.09.04"]
[EventType "swiss"]
[EventRounds "9"]
[EventCountry "ENG"]
[SourceTitle "Giddins, Steve"]

1. d4 Nf6 2. Nf3 c5 3. c3 b6 4. Bf4 Bb7 5. Nbd2 e6 6. e3 Be7 7. h3 Nc6 8. Be2
O-O 9. O-O d5 10. a4 Rc8 11. Ne5 Nxe5 12. Bxe5 cxd4 13. exd4 Ne4 14. Bd3 f6 15.
Bh2 Bd6 16. Bxd6 Qxd6 17. a5 Nxd2 18. Qxd2 e5 19. dxe5 fxe5 20. axb6 axb6 21.
Ra7 Qb8 22. Rfa1 Rf6 23. Bc2 Kh8 24. f3 e4 25. fxe4 dxe4 26. Qe3 Rcf8 27. R7a4
Re8 28. Re1 Rg6 29. Re2 h6 30. Ra1 Qc7 31. Rae1 Rg3 32. Qf2 Re6 33. Qf8+ Kh7
34. Rf2 Qe5 35. Qf5+ Rgg6 36. Qxe5 Rxe5 37. Rf4 Rge6 38. Kf2 Re7 39. Ke3 R5e6
40. Rd1 g5 41. Rf5 Kg6 42. Rf8 Kg7 43. Rdd8 b5 44. Rh8 Bd5 45. Rhg8+ Kh7 46.
Rgf8 Kg7 47. Rf2 Re5 48. Rd6 Bc4 49. Rd4 Bd5 50. Rfd2 Bc6 51. Rd6 Ba8 52. Rd7
Bc6 53. Rxe7+ Rxe7 54. Rd4 Rf7 55. Bxe4 Be8 56. Rd8 Re7 57. Kd4 Bg6 58. Bxg6
Kxg6 59. Rd6+ Kf5 60. Rxh6 Re2 61. g4+ Kf4 62. b4 Rd2+ 63. Kc5 Rd3 64. Kxb5
Rxc3 65. h4 Kxg4 66. hxg5 Kxg5 67. Re6 Kf5 68. Re1 Rc2 69. Kb6 Kf6 70. b5 Rb2
71. Kc6 Rc2+ 72. Kb7 Rb2 73. b6 Rb3 74. Kc7 Rc3+ 75. Kb8 Rh3 76. b7 Ra3 77. Rc1
1-0

[Event "Lewisham International 4th"]
[Site "Catford Cricket Club"]
[Date "1984.09.04"]
[Round "1"]
[White "Crawley, Gavin"]
[Black "Hebden, Mark L"]
[Result "0-1"]
[WhiteElo "2300"]
[BlackElo "2480"]
[PlyCount "154"]
[EventDate "1984.09.04"]
[EventType "swiss"]
[EventRounds "9"]
[EventCountry "ENG"]
[SourceTitle "Giddins, Steve"]

1. e4 e5 2. Nf3 Nc6 3. Bb5 a6 4. Ba4 Nf6 5. O-O Be7 6. Bxc6 dxc6 7. d3 Nd7 8.
Nbd2 O-O 9. Nc4 f6 10. Nh4 Nc5 11. Qf3 Ne6 12. Nf5 Nd4 13. Nxd4 Qxd4 14. Be3
Qd7 15. Qg3 b5 16. Nd2 Bd6 17. f4 exf4 18. Bxf4 Bxf4 19. Qxf4 Qd4+ 20. Kh1 Qxb2
21. Qxc7 Qxc2 22. Nb3 Bg4 23. h3 Be2 24. Nd4 Qxd3 25. Ne6 Rf7 26. Qxc6 Rb8 27.
Rf2 Qe3 28. Kg1 Bc4 29. Rd1 Qa7 30. Nd8 Qc7 31. Rd6 Qxc6 32. Nxc6 Re8 33. Na5
Ra7 34. Nxc4 bxc4 35. Rd4 Rc7 36. Rc2 Rec8 37. Kf2 Rc5 38. Ke3 Ra5 39. Rd7 Ra3+
40. Kf4 Rc5 41. Rcd2 h5 42. Rd8+ Kh7 43. R8d5 c3 44. Rc2 Rxd5 45. exd5 Kg6 46.
Ke4 Ra4+ 47. Kd3 Kf5 48. Kxc3 Ke5 49. Rd2 Kd6 50. Rb2 Kxd5 51. Rb7 Ra3+ 52. Kb4
Rg3 53. Rd7+ Ke4 54. Rd2 Rg5 55. a4 h4 56. a5 Rb5+ 57. Ka4 Rd5 58. Re2+ Kf5 59.
Kb4 Rb5+ 60. Ka4 g5 61. Rf2+ Ke5 62. Re2+ Kd6 63. Rd2+ Rd5 64. Rf2 f5 65. Kb4
Ke5 66. Ra2 Rb5+ 67. Kc4 Kf4 68. Kd4 Kg3 69. Ke3 Rb4 70. Kd3 f4 71. Rc2 Rb5 72.
Ra2 f3 73. gxf3 Kxh3 74. Ke4 Kg3 75. Ra3 h3 76. f4+ Kg4 77. fxg5 h2 0-1

[Event "Lewisham International 4th"]
[Site "Catford Cricket Club"]
[Date "1984.09.04"]
[Round "1"]
[White "Davies, Nigel Rodney"]
[Black "De Boer, Gert Jan"]
[Result "1/2-1/2"]
[WhiteElo "2340"]
[BlackElo "2335"]
[PlyCount "60"]
[EventDate "1984.09.04"]
[EventType "swiss"]
[EventRounds "9"]
[EventCountry "ENG"]
[SourceTitle "Giddins, Steve"]

1. g3 c5 2. Bg2 Nc6 3. Nf3 g6 4. d4 cxd4 5. Nxd4 Bg7 6. Nb3 Nf6 7. O-O O-O 8.
Nc3 d6 9. h3 Be6 10. e4 a5 11. a4 Nb4 12. Nd4 Bc4 13. Re1 Rc8 14. Ndb5 Nd7 15.
Na3 Be6 16. Nd5 Nb6 17. c3 N4xd5 18. exd5 Bd7 19. Nb1 e6 20. dxe6 Bxe6 21. Nd2
Qd7 22. Kh2 Rfe8 23. Nf3 Rc4 24. Ng5 Rxa4 25. Rxa4 Nxa4 26. Nxe6 fxe6 27. h4
Nc5 28. Be3 Qc7 29. h5 gxh5 30. Qxh5 Qf7 1/2-1/2

[Event "Lewisham International 4th"]
[Site "Catford Cricket Club"]
[Date "1984.09.04"]
[Round "1"]
[White "Fuller, Maxwell L"]
[Black "Bellin, Robert"]
[Result "1/2-1/2"]
[WhiteElo "2335"]
[BlackElo "2370"]
[PlyCount "23"]
[EventDate "1984.09.04"]
[EventType "swiss"]
[EventRounds "9"]
[EventCountry "ENG"]
[SourceTitle "Giddins, Steve"]

1. e4 c5 2. g3 b6 3. Bg2 Bb7 4. c4 g6 5. Ne2 Bg7 6. O-O Nc6 7. Nbc3 d6 8. d3
Nf6 9. h3 O-O 10. Be3 Ne8 11. Qd2 Nc7 12. Bh6 1/2-1/2

[Event "Lewisham International 4th"]
[Site "Catford Cricket Club"]
[Date "1984.09.04"]
[Round "1"]
[White "Gruenberg, Regina"]
[Black "Orr, Mark JL"]
[Result "0-1"]
[WhiteElo "1870"]
[BlackElo "2275"]
[PlyCount "54"]
[EventDate "1984.09.04"]
[EventType "swiss"]
[EventRounds "9"]
[EventCountry "ENG"]
[SourceTitle "Giddins, Steve"]

1. e4 c5 2. Nf3 d6 3. d4 Nf6 4. Nc3 cxd4 5. Qxd4 Nc6 6. Bb5 Bd7 7. Bxc6 Bxc6 8.
Bg5 e6 9. O-O-O Be7 10. Rhe1 O-O 11. Qd2 Rc8 12. Nd4 Qc7 13. Kb1 h6 14. Bxh6
Ng4 15. Be3 a6 16. f3 Ne5 17. Qf2 b5 18. Nce2 Bb7 19. Nf4 Nc4 20. Nd3 Bf6 21.
Rc1 d5 22. exd5 Bxd5 23. g4 Qd8 24. Ne2 Qa5 25. a3 Nxa3+ 26. bxa3 Qxa3 27. Red1
Qa1# 0-1

[Event "Lewisham International 4th"]
[Site "Catford Cricket Club"]
[Date "1984.09.04"]
[Round "1"]
[White "Nicholson, John G"]
[Black "Savereide, Diane"]
[Result "1-0"]
[WhiteElo "2295"]
[BlackElo "2230"]
[PlyCount "61"]
[EventDate "1984.09.04"]
[EventType "swiss"]
[EventRounds "9"]
[EventCountry "ENG"]
[SourceTitle "Giddins, Steve"]

1. e4 c5 2. Nf3 e6 3. d4 cxd4 4. Nxd4 Nf6 5. Nc3 d6 6. Be2 Be7 7. O-O O-O 8. f4
Nc6 9. Be3 Bd7 10. Nb3 a6 11. a4 b6 12. Bf3 Rb8 13. Qe2 Qc8 14. Kh1 Na5 15. e5
Ne8 16. Ne4 Qc7 17. Rfd1 Nc4 18. Bd4 dxe5 19. fxe5 b5 20. Nbc5 Bc8 21. axb5
Nxb2 22. Bxb2 Bxc5 23. Nxc5 Qxc5 24. Ba3 Qxb5 25. Qxb5 axb5 26. Bxf8 Kxf8 27.
Ra7 b4 28. Rd8 b3 29. cxb3 Rxb3 30. h3 Rc3 31. Ra8 1-0

[Event "Lewisham International 4th"]
[Site "Catford Cricket Club"]
[Date "1984.09.04"]
[Round "1"]
[White "Richmond, Peter Allan"]
[Black "Gallagher, Joseph G"]
[Result "0-1"]
[WhiteElo "2245"]
[BlackElo "2295"]
[PlyCount "81"]
[EventDate "1984.09.04"]
[EventType "swiss"]
[EventRounds "9"]
[EventCountry "ENG"]
[SourceTitle "Giddins, Steve"]

1. e4 c5 2. Nf3 d6 3. d4 cxd4 4. Nxd4 Nf6 5. Nc3 a6 6. Bc4 e6 7. Bb3 b5 8. Qe2
Qc7 9. Bg5 Be7 10. O-O-O b4 11. Bxf6 gxf6 12. Nd5 exd5 13. Rhe1 Ra7 14. Rd3
dxe4 15. Qxe4 Qc5 16. Rde3 Rc7 17. R1e2 Kf8 18. Rg3 Nc6 19. Nxc6 Qxc6 20. Qf4
h5 21. Rge3 d5 22. Bxd5 Qxd5 23. Qxc7 Be6 24. Rd2 Qxa2 25. Kd1 Qc4 26. Qb8+ Kg7
27. Qg3+ Qg4+ 28. Qxg4+ hxg4 29. h3 gxh3 30. Rg3+ Kf8 31. gxh3 Rxh3 32. Rxh3
Bxh3 33. Rd4 Be6 34. Ke2 a5 35. b3 Ke8 36. Rh4 Kd7 37. Rh8 Bd8 38. Ke3 Bf5 39.
Kd2 Bb6 40. f4 Bc7 41. Rh4 0-1

[Event "Lewisham International 4th"]
[Site "Catford Cricket Club"]
[Date "1984.09.04"]
[Round "1"]
[White "Strauss, David J"]
[Black "Savage, Allan George"]
[Result "0-1"]
[WhiteElo "2425"]
[BlackElo "2315"]
[PlyCount "144"]
[EventDate "1984.09.04"]
[EventType "swiss"]
[EventRounds "9"]
[EventCountry "ENG"]
[SourceTitle "Giddins, Steve"]

1. Nf3 f5 2. g3 Nf6 3. Bg2 d6 4. d4 c6 5. c4 Qc7 6. Nc3 e5 7. O-O Be7 8. Bg5
O-O 9. Rc1 h6 10. Bd2 g5 11. e3 Be6 12. d5 Bd7 13. Ne1 c5 14. a3 Na6 15. f4
gxf4 16. exf4 e4 17. Nc2 Qc8 18. Ne3 h5 19. h3 Nc7 20. g4 fxg4 21. hxg4 Bxg4
22. Nxg4 Qxg4 23. Qxg4+ hxg4 24. Bxe4 b5 25. Bd3 bxc4 26. Bxc4 Rab8 27. Rce1
Kf7 28. b3 Rh8 29. Re3 Rh5 30. Rfe1 Bf8 31. Kg2 Re8 32. Rxe8 Ncxe8 33. b4 cxb4
34. axb4 Ng7 35. Rh1 Nf5 36. Rxh5 Nxh5 37. Ne4 Bh6 38. Be2 Nxf4+ 39. Bxf4 Bxf4
40. Bxg4 Ne3+ 41. Kf3 Nxd5 42. b5 Be5 43. Ke2 Ke7 44. Kd2 Nc7 45. Be2 Ke6 46.
Bc4+ Ke7 47. Bf1 Bd4 48. Kc2 d5 49. Nd2 Kd6 50. Kb3 Bb6 51. Kb4 Ke5 52. Bh3 Kf4
53. Nb3 Ke3 54. Bf5 Ne8 55. Bg6 Nd6 56. Nc5 Kd4 57. Nb3+ Ke3 58. Nc5 Kd4 59.
Nb3+ Ke5 60. Nd2 Kf4 61. Bh7 Nf5 62. Bg6 Ng3 63. Nb3 Ne4 64. Nc1 Ke3 65. Bf5
Bc5+ 66. Ka5 Nf2 67. Na2 Nd3 68. Ka6 d4 69. Kb7 Ne1 70. Nc1 d3 71. Bxd3 Nxd3
72. Nb3 Bb6 0-1

[Event "Lewisham International 4th"]
[Site "Catford Cricket Club"]
[Date "1984.09.??"]
[Round "2"]
[White "Bellin, Robert"]
[Black "Arkell, Keith C"]
[Result "1/2-1/2"]
[WhiteElo "2370"]
[BlackElo "2345"]
[PlyCount "81"]
[EventDate "1984.09.04"]
[EventType "swiss"]
[EventRounds "9"]
[EventCountry "ENG"]
[SourceTitle "Giddins, Steve"]

1. d4 c5 2. e4 cxd4 3. Nf3 d6 4. Nxd4 Nf6 5. Nc3 e6 6. g4 h6 7. Rg1 Be7 8. Be3
Nc6 9. Nb3 a6 10. Qe2 b5 11. a3 Bb7 12. O-O-O Qc7 13. h4 Ne5 14. f3 Nc4 15. g5
hxg5 16. hxg5 Nd7 17. g6 fxg6 18. Nd4 Nxe3 19. Qxe3 Nf8 20. f4 e5 21. Nde2
O-O-O 22. Bh3+ Kb8 23. Nd5 Bxd5 24. Rxd5 Qa7 25. Qxa7+ Kxa7 26. Bg4 Bf6 27. Kb1
exf4 28. Nxf4 Re8 29. Bf3 Rh6 30. Nd3 Rd8 31. Nb4 Kb6 32. Rgd1 Be7 33. e5 g5
34. R5d3 Re6 35. Nd5+ Ka7 36. Nxe7 Rxe7 37. exd6 Re6 38. Bg4 Re4 39. Bf3 Re6
40. Bg4 Re4 41. Bf3 1/2-1/2

[Event "Lewisham International 4th"]
[Site "Catford Cricket Club"]
[Date "1984.09.??"]
[Round "2"]
[White "De Boer, Gert Jan"]
[Black "Strauss, David J"]
[Result "1-0"]
[WhiteElo "2335"]
[BlackElo "2425"]
[PlyCount "81"]
[EventDate "1984.09.04"]
[EventType "swiss"]
[EventRounds "9"]
[EventCountry "ENG"]
[SourceTitle "Giddins, Steve"]

1. d4 Nf6 2. Nf3 g6 3. c4 Bg7 4. Nc3 O-O 5. e4 d6 6. Be2 e5 7. Be3 h6 8. dxe5
Ng4 9. Bd2 Nxe5 10. O-O Be6 11. b3 Nbc6 12. Rc1 Nxf3+ 13. Bxf3 Nd4 14. Be3 c5
15. g3 a6 16. Bg2 Rb8 17. Ne2 Nxe2+ 18. Qxe2 Qe7 19. Qd2 h5 20. Rcd1 Rbd8 21.
Bg5 Bf6 22. Bxf6 Qxf6 23. f4 Bc8 24. Qe3 Rfe8 25. Rde1 b6 26. e5 Qg7 27. Bc6
Bd7 28. Bxd7 Rxd7 29. Qd2 Ree7 30. exd6 Rxe1 31. Rxe1 Qd4+ 32. Qxd4 cxd4 33.
Re8+ Kg7 34. Kf2 Rxd6 35. Ke2 Kf6 36. Kd3 Kf5 37. h3 Re6 38. Rxe6 fxe6 39. h4
e5 40. fxe5 Kxe5 41. b4 1-0

[Event "Lewisham International 4th"]
[Site "Catford Cricket Club"]
[Date "1984.09.??"]
[Round "2"]
[White "Gallagher, Joseph G"]
[Black "Nicholson, John G"]
[Result "1-0"]
[WhiteElo "2295"]
[BlackElo "2295"]
[PlyCount "75"]
[EventDate "1984.09.04"]
[EventType "swiss"]
[EventRounds "9"]
[EventCountry "ENG"]
[SourceTitle "Giddins, Steve"]

1. e4 c5 2. Nf3 e6 3. d4 cxd4 4. Nxd4 Nf6 5. Nc3 d6 6. g4 h6 7. g5 hxg5 8. Bxg5
Nc6 9. Qd2 Qb6 10. Nb3 a6 11. O-O-O Qc7 12. h4 Bd7 13. Be2 O-O-O 14. f4 Be7 15.
h5 Kb8 16. Bf3 Bc8 17. Qe2 Ng8 18. Nd4 Nxd4 19. Rxd4 Bxg5 20. fxg5 Ne7 21. Rd2
Nc6 22. Qh2 Ne5 23. Be2 b5 24. a3 Bb7 25. Rhd1 Qc5 26. Qf4 Bc6 27. Kb1 a5 28.
Rd4 Rhf8 29. Qd2 Kc7 30. Nxb5+ Bxb5 31. Qxa5+ Kc6 32. Bxb5+ Qxb5 33. Rxd6+ Rxd6
34. Rxd6+ Kc5 35. b4+ Kc4 36. Qc7+ Nc6 37. Rxc6+ Kd4 38. Qd7+ 1-0

[Event "Lewisham International 4th"]
[Site "Catford Cricket Club"]
[Date "1984.09.??"]
[Round "2"]
[White "Garcia Olasagasti, Leontxo"]
[Black "Pein, Malcolm"]
[Result "1/2-1/2"]
[WhiteElo "2280"]
[BlackElo "2280"]
[PlyCount "46"]
[EventDate "1984.09.04"]
[EventType "swiss"]
[EventRounds "9"]
[EventCountry "ENG"]
[SourceTitle "Giddins, Steve"]

1. d4 Nf6 2. c4 g6 3. Nc3 d5 4. cxd5 Nxd5 5. e4 Nxc3 6. bxc3 Bg7 7. Nf3 O-O 8.
Be2 c5 9. O-O b6 10. Be3 Bb7 11. Qd3 e6 12. Rac1 Nd7 13. Nd2 Qe7 14. f4 Rfd8
15. Qb1 cxd4 16. cxd4 Nf6 17. Rc3 Ne8 18. Nf3 Nf6 19. Nd2 Ne8 20. Nf3 Rac8 21.
Rfc1 Rxc3 22. Rxc3 Nd6 23. Bd3 Rc8 1/2-1/2

[Event "Lewisham International 4th"]
[Site "Catford Cricket Club"]
[Date "1984.09.??"]
[Round "2"]
[White "Hebden, Mark L"]
[Black "Fuller, Maxwell L"]
[Result "1/2-1/2"]
[WhiteElo "2480"]
[BlackElo "2335"]
[PlyCount "99"]
[EventDate "1984.09.04"]
[EventType "swiss"]
[EventRounds "9"]
[EventCountry "ENG"]
[SourceTitle "Giddins, Steve"]

1. e4 e6 2. Nc3 d5 3. d4 Be7 4. g3 dxe4 5. Nxe4 Nf6 6. Bg2 Nxe4 7. Bxe4 c5 8.
Be3 cxd4 9. Qxd4 Qxd4 10. Bxd4 Bf6 11. Nf3 Nd7 12. O-O-O Bxd4 13. Nxd4 Nc5 14.
Bg2 Bd7 15. Rhe1 O-O-O 16. Re3 Kb8 17. f4 Bc8 18. Rc3 Na4 19. Rcd3 Rd6 20. Nc6+
Rxc6 21. Bxc6 bxc6 22. Rd8 Rxd8 23. Rxd8 e5 24. Rf8 exf4 25. gxf4 f6 26. Rg8
Nb6 27. b3 Nd5 28. Rxg7 Bf5 29. Rf7 Bg6 30. Rf8+ Kc7 31. f5 Bxf5 32. c4 Nc3 33.
Rf7+ Kb6 34. Rxf6 Bg6 35. a3 a5 36. Rf3 Ne2+ 37. Kb2 c5 38. Rf6+ Kb7 39. b4
axb4 40. axb4 cxb4 41. Kb3 Nc3 42. Kxb4 Ne4 43. Re6 Ng5 44. Re7+ Kc6 45. Re5
Nf3 46. Rc5+ Kb6 47. h3 Be4 48. Rh5 Kc6 49. Kc3 Bg6 50. Rd5 1/2-1/2

[Event "Lewisham International 4th"]
[Site "Catford Cricket Club"]
[Date "1984.09.??"]
[Round "2"]
[White "Orr, Mark JL"]
[Black "Wall, Tim"]
[Result "1-0"]
[WhiteElo "2275"]
[BlackElo "2220"]
[PlyCount "65"]
[EventDate "1984.09.04"]
[EventType "swiss"]
[EventRounds "9"]
[EventCountry "ENG"]
[SourceTitle "Giddins, Steve"]

1. c4 b6 2. d4 e6 3. a3 Bb7 4. Nc3 Nf6 5. d5 g6 6. g3 Bg7 7. Bg2 O-O 8. Nh3 Na6
9. O-O Nc5 10. Rb1 exd5 11. cxd5 Re8 12. f3 a5 13. b4 axb4 14. axb4 Na6 15. e4
Bf8 16. b5 Nb4 17. Nf2 Ra5 18. Kh1 Qa8 19. Qd4 Nc2 20. Qxf6 Bg7 21. Qg5 Bxc3
22. Ng4 Qd8 23. Qxd8 Rxd8 24. Bg5 Rda8 25. Rbc1 Ra2 26. Rf2 f6 27. Rfxc2 Rxc2
28. Rxc2 Ra1+ 29. Bf1 fxg5 30. Rxc3 Rxf1+ 31. Kg2 Ra1 32. Rxc7 Ra2+ 33. Kg1 1-0

[Event "Lewisham International 4th"]
[Site "Catford Cricket Club"]
[Date "1984.09.??"]
[Round "2"]
[White "Savage, Allan George"]
[Black "Davies, Nigel Rodney"]
[Result "1/2-1/2"]
[WhiteElo "2315"]
[BlackElo "2340"]
[PlyCount "25"]
[EventDate "1984.09.04"]
[EventType "swiss"]
[EventRounds "9"]
[EventCountry "ENG"]
[SourceTitle "Giddins, Steve"]

1. e4 g6 2. d4 Bg7 3. Nc3 d6 4. Nge2 a6 5. a4 Nc6 6. Be3 Nf6 7. h3 e5 8. g3 d5
9. dxe5 Nxe5 10. Bg2 Nc4 11. exd5 Nxe3 12. fxe3 O-O 13. O-O 1/2-1/2

[Event "Lewisham International 4th"]
[Site "Catford Cricket Club"]
[Date "1984.09.??"]
[Round "2"]
[White "Singh, PK."]
[Black "Crawley, Gavin"]
[Result "1/2-1/2"]
[WhiteElo "2260"]
[BlackElo "2300"]
[PlyCount "114"]
[EventDate "1984.09.04"]
[EventType "swiss"]
[EventRounds "9"]
[EventCountry "ENG"]
[SourceTitle "Giddins, Steve"]

1. e4 e5 2. Nf3 Nc6 3. Bb5 a6 4. Ba4 Nf6 5. O-O b5 6. Bb3 Be7 7. Bd5 Nxd5 8.
exd5 e4 9. dxc6 exf3 10. cxd7+ Qxd7 11. Qxf3 Rb8 12. d3 Rb6 13. Nc3 Bb7 14. Qh5
O-O 15. Be3 Rg6 16. f3 f5 17. Rae1 Rff6 18. Kh1 Bd6 19. Bg1 Re6 20. Qxf5 Rxe1
21. Qxd7 Rxf1 22. Qe8+ Bf8 23. Ne4 Rc1 24. g3 Bc6 25. Qc8 h6 26. c3 Bd5 27. Qf5
Bf7 28. Qc8 Bxa2 29. Qxc7 Kh7 30. Qd8 Kg8 31. Kg2 Rc2+ 32. Kh3 Be6+ 33. g4 h5
34. Bc5 hxg4+ 35. Kg3 gxf3+ 36. Kxf3 Rxh2 37. Qxf8+ Kh7 38. Be7 Bd5 39. Qf5
Bxe4+ 40. dxe4 Rxb2 41. Bg5 Rc2 42. Qh3+ Kg8 43. Qc8+ Kh7 44. Be7 a5 45. Qc5 b4
46. Qh5+ Rh6 47. Qf5+ Kh8 48. cxb4 axb4 49. Qb5 b3 50. Kf4 b2 51. Ba3 Rh4+ 52.
Kg5 Rxe4 53. Bxb2 Rxb2 54. Qxb2 Re6 55. Qb8+ Kh7 56. Qb1+ Kh8 57. Qh1+ Rh6
1/2-1/2

[Event "Lewisham International 4th"]
[Site "Catford Cricket Club"]
[Date "1984.09.??"]
[Round "2"]
[White "Wade, Robert G"]
[Black "Richmond, Peter Allan"]
[Result "1-0"]
[WhiteElo "2315"]
[BlackElo "2245"]
[PlyCount "85"]
[EventDate "1984.09.04"]
[EventType "swiss"]
[EventRounds "9"]
[EventCountry "ENG"]
[SourceTitle "Giddins, Steve"]

1. d4 d5 2. Nc3 Nf6 3. Bg5 e6 4. e4 Bb4 5. e5 h6 6. exf6 hxg5 7. fxg7 Rg8 8. h4
gxh4 9. Qg4 Qf6 10. Qxh4 Qxg7 11. O-O-O Bd7 12. Nf3 Be7 13. Qh7 Nc6 14. Qxg7
Rxg7 15. Rh8+ Bf8 16. g3 O-O-O 17. Bb5 Rg6 18. Bxc6 Bxc6 19. Ne5 Rh6 20. Rxh6
Bxh6+ 21. f4 Rf8 22. Nxc6 bxc6 23. Ne2 f5 24. Rh1 Rh8 25. Rh4 Bg7 26. Rxh8+
Bxh8 27. b4 Bf6 28. Kb2 a5 29. c3 Kb7 30. Kb3 axb4 31. cxb4 c5 32. bxc5 c6 33.
Kc3 Bd8 34. Kd3 Ba5 35. Ke3 Ka6 36. Ng1 Be1 37. Nf3 Bxg3 38. Ng5 Bh4 39. Nxe6
Bf6 40. Nc7+ Ka5 41. Ne8 Bh8 42. Nd6 Kb4 43. Kd3 1-0

[Event "Lewisham International 4th"]
[Site "Catford Cricket Club"]
[Date "1984.09.??"]
[Round "3"]
[White "Arkell, Keith C"]
[Black "Orr, Mark JL"]
[Result "1/2-1/2"]
[WhiteElo "2345"]
[BlackElo "2275"]
[PlyCount "116"]
[EventDate "1984.09.04"]
[EventType "swiss"]
[EventRounds "9"]
[EventCountry "ENG"]
[SourceTitle "Giddins, Steve"]

1. Nf3 Nf6 2. c4 e6 3. g3 d5 4. d4 dxc4 5. Qc2 a6 6. Qxc4 b5 7. Qc2 Bb7 8. Bg2
Nbd7 9. O-O c5 10. a4 Rc8 11. axb5 axb5 12. Qb3 b4 13. dxc5 Bxc5 14. Be3 Bd5
15. Qd3 Be4 16. Qd2 Qb6 17. Bxc5 Qxc5 18. Ra4 Nd5 19. Qg5 O-O 20. Nbd2 Bg6 21.
e4 N5f6 22. Qxc5 Nxc5 23. Rxb4 Ncxe4 24. Nxe4 Bxe4 25. Ne5 Bxg2 26. Kxg2 Nd5
27. Rb7 Rb8 28. Rxb8 Rxb8 29. Ra1 f6 30. Nd3 Rb7 31. Ra6 Kf7 32. Kf3 e5 33. Rd6
Rb5 34. Rd7+ Ne7 35. b4 f5 36. Ke3 e4 37. Nf4 g5 38. Ne2 Rd5 39. Rxd5 Nxd5+ 40.
Kd4 Nxb4 41. g4 Kg6 42. Ng3 fxg4 43. Kxe4 Nc6 44. Kd5 Ne7+ 45. Ke6 Ng8 46. Ne4
h5 47. Ke5 Ne7 48. Nd6 Nc6+ 49. Kd5 Na5 50. Ke5 Nb3 51. Nc8 Nd2 52. Ne7+ Kf7
53. Nd5 Kg6 54. Ne7+ Kh6 55. Kf5 Nf3 56. Ng8+ Kg7 57. Nf6 Kh6 58. Ng8+ Kg7
1/2-1/2

[Event "Lewisham International 4th"]
[Site "Catford Cricket Club"]
[Date "1984.09.??"]
[Round "3"]
[White "Hebden, Mark L"]
[Black "Garcia Olasagasti, Leontxo"]
[Result "1/2-1/2"]
[WhiteElo "2480"]
[BlackElo "2280"]
[PlyCount "82"]
[EventDate "1984.09.04"]
[EventType "swiss"]
[EventRounds "9"]
[EventCountry "ENG"]
[SourceTitle "Giddins, Steve"]

1. e4 c5 2. f4 d5 3. Nc3 dxe4 4. Nxe4 e6 5. Nf3 Nf6 6. Nf2 Nc6 7. b3 Bd6 8. Nd3
Qc7 9. g3 O-O 10. Bb2 Nd7 11. Bh3 b6 12. O-O Ba6 13. c4 Bb7 14. Qe2 Rfe8 15.
Ng5 Nd4 16. Bxd4 cxd4 17. Bg2 Nc5 18. Nxc5 Bxc5 19. d3 a5 20. Qh5 h6 21. Bxb7
Qxb7 22. Ne4 f5 23. Nd2 a4 24. Nf3 Qf7 25. Qxf7+ Kxf7 26. Rab1 axb3 27. axb3
Red8 28. b4 Be7 29. Ne5+ Kf6 30. Nc6 Rdc8 31. b5 Ra3 32. Rbd1 g5 33. Kg2 Bc5
34. Rd2 Rg8 35. fxg5+ hxg5 36. g4 Rga8 37. Rff2 Rb3 38. Rf3 Raa3 39. gxf5 exf5
40. Rdf2 f4 41. Rd2 Kf5 1/2-1/2

[Event "Lewisham International 4th"]
[Site "Catford Cricket Club"]
[Date "1984.09.??"]
[Round "3"]
[White "Nicholson, John G"]
[Black "Bellin, Robert"]
[Result "0-1"]
[WhiteElo "2295"]
[BlackElo "2370"]
[PlyCount "80"]
[EventDate "1984.09.04"]
[EventType "swiss"]
[EventRounds "9"]
[EventCountry "ENG"]
[SourceTitle "Giddins, Steve"]

1. e4 e6 2. d4 d5 3. Nc3 Bb4 4. e5 Qd7 5. Bd2 b6 6. Nh3 Bf8 7. Bb5 Nc6 8. O-O
a6 9. Bxc6 Qxc6 10. Qh5 h6 11. Nf4 Ne7 12. Nd1 Qxc2 13. Qe2 Qa4 14. Rc1 Qd7 15.
Bb4 a5 16. Bxe7 Bxe7 17. Qg4 g6 18. Ne3 Bb7 19. Rc3 c5 20. Rd1 c4 21. a4 Rc8
22. Rdc1 Rc6 23. Nc2 Rc8 24. Rf3 Bc6 25. Ne3 Kd8 26. Ne2 Rf8 27. Nc3 Bxa4 28.
Nxa4 Qxa4 29. Rxf7 Rxf7 30. Qxe6 Rg7 31. Qxb6+ Ke8 32. Nxd5 Qc6 33. Qxa5 Bd8
34. Nf6+ Bxf6 35. exf6 Qxf6 36. Qd5 Kf8 37. Rxc4 Rxc4 38. Qxc4 Re7 39. Qc8+ Kg7
40. Qc3 Qd6 0-1

[Event "Lewisham International 4th"]
[Site "Catford Cricket Club"]
[Date "1984.09.??"]
[Round "3"]
[White "Pein, Malcolm"]
[Black "De Boer, Gert Jan"]
[Result "1-0"]
[WhiteElo "2280"]
[BlackElo "2335"]
[PlyCount "65"]
[EventDate "1984.09.04"]
[EventType "swiss"]
[EventRounds "9"]
[EventCountry "ENG"]
[SourceTitle "Giddins, Steve"]

1. Nf3 Nf6 2. g3 d5 3. Bg2 c6 4. b3 Bg4 5. Bb2 Nbd7 6. O-O e6 7. c4 Bd6 8. Nc3
O-O 9. Qc2 Bxf3 10. exf3 dxc4 11. bxc4 e5 12. Rad1 Re8 13. Ne2 Qc7 14. d4 exd4
15. Nxd4 Bf8 16. f4 Rad8 17. Nf5 g6 18. Qc3 Re6 19. Nd4 Rd6 20. Ba3 a6 21. Bxd6
Bxd6 22. Nb3 Re8 23. Rfe1 Rxe1+ 24. Qxe1 Bf8 25. Bh3 Kg7 26. Bxd7 Nxd7 27. Qe8
Nb6 28. Rd8 Be7 29. Qh8+ Kh6 30. Rg8 Qd6 31. Qg7+ Kh5 32. Qxh7+ Kg4 33. Kg2 1-0

[Event "Lewisham International 4th"]
[Site "Catford Cricket Club"]
[Date "1984.09.??"]
[Round "3"]
[White "Richmond, Peter Allan"]
[Black "Crawley, Gavin"]
[Result "1/2-1/2"]
[WhiteElo "2245"]
[BlackElo "2300"]
[PlyCount "85"]
[EventDate "1984.09.04"]
[EventType "swiss"]
[EventRounds "9"]
[EventCountry "ENG"]
[SourceTitle "Giddins, Steve"]

1. e4 e5 2. Nf3 Nc6 3. Bb5 a6 4. Ba4 Nf6 5. O-O b5 6. Bb3 Be7 7. Re1 O-O 8. d3
Bb7 9. Nc3 d6 10. Nd5 Na5 11. Nxe7+ Qxe7 12. Bg5 h6 13. Bd2 Nxb3 14. axb3 Nd7
15. b4 f5 16. Bc3 Rf7 17. Nd2 Kh7 18. Qe2 f4 19. d4 Rg8 20. dxe5 dxe5 21. Rad1
g5 22. Nf3 Rff8 23. Rxd7 Qxd7 24. Nxe5 Qe6 25. Rd1 Bc8 26. Rd5 Rd8 27. Rc5 Qd6
28. Kf1 g4 29. Rc6 Qe7 30. Nd3 Bb7 31. Bf6 Qd7 32. Rc5 Rdf8 33. Be5 f3 34. Qe3
fxg2+ 35. Kxg2 Rf3 36. Qd4 Qxd4 37. Rxc7+ Kg6 38. Bxd4 Bxe4 39. Ne5+ Kh5 40.
Nxf3 gxf3+ 41. Kf1 Kh4 42. Rc5 Re8 43. Re5 1/2-1/2